Littérature par lettre - S - Statistiques

Statistiques générales
  • Ce quiz a été pris 193 fois
  • Le résultat moyen est 12 sur 20
Statistiques - réponses
Questions Réponses % Correct
Quel écrivain, de véritable nom Henri Beyle, a écrit "Le Rouge et le Noir" ? Stendhal
96%
Quel détective a été créé par Arthur Conan Doyle à la fin du XIXème siècle ? Sherlock Holmes
94%
Quel roman de J.R.R Tolkien, paru en 3 volumes, prend place dans la Terre du Milieu ? Le Seigneur des Anneaux
91%
Quel superhéros, créé par Jerry Siegel, est également connu sous le nom de Clark Kent ? Superman
86%
Quel philosophe grec du Vème siècle, malgré sa grande influence, n'a laissé aucun ouvrage ? Socrate
80%
Quels petits personnages bleus ont été créés par Peyo en 1958 ? Les Schtroumpfs
79%
Quelle romancière du XIXème siècle a écrit "La Mare au Diable" ? George Sand
76%
Quel écrivain et philosophe français a refusé le Prix Nobel de Littérature en 1964 ? Jean-Paul Sartre
71%
Quelle femme de lettres française a écrit "Bonjour tristesse", en 1954 ? Françoise Sagan
67%
Quel roman de Thomas Harris décrit l'enquête d'une jeune étudiante du FBI, Clarice Starling, mais aussi l'histoire d'un cannibale, Hannibal Lecter ? Le Silence des Agneaux
66%
Quel courant littéraire a été lancée par André Breton et Paul Eluard ? Surréalisme
65%
Quel roman d'horreur de Stephen King relate l'histoire de Jack, gardien d'un hôtel, où des événements étranges se produisent ? Shining
64%
Quel romancier américain a écrit "Des Souris et des Hommes " ainsi que "Les Raisins de la colères", livres où il dénonce la société américaine durant la Grande Dépression ? John Steinbeck
62%
Quel homme politique et écrivain sénégalais est le premier africain à siéger à l'Académie Française ? Léopold Sedar Senghor
51%
Quel récit autobiographique de Primo Levi raconte la vie dans le camp d'Auschwitz ? Si c'est un homme
47%
Quel roman d'Amélie Nothomb raconte l'histoire d'Amélie, une femme ayant passé son enfance au Japon, et y retournant à l'âge adulte ? Stupeur et Tremblements
24%
Quel écrivain écossais a écrit "Ivanhoé" en 1819 ? Walter Scott
18%
Quelle écrivaine française est devenue connue après sa mort, lorsque que ses descendants ont publié ses correspondances épistolières, au XIXème siècle ? Germaine de Staël
14%
Quel critique littéraire est "le critique le plus fin que le monde ait connu", selon ses pairs, mais à qui Marcelo Proust s'oppose ? Charles-Augustin Sainte-Beuve
11%
Quelle femme de lettres française du XVIIème siècle a écrit "Clélie, histoire romaine" ? Madeleine de Scudéry
10%
Aucun quiz correspondant
Distribution des résultats
% des personnes avec chaque résultat
Percentile par nombre de réponses
Votre historique - résultats
Vous n’avez pas pris ce quiz